| 000 | 00542nam a22002057a 4500 | ||
|---|---|---|---|
| 003 | SISC | ||
| 005 | 20181117093910.0 | ||
| 008 | 121120t xxu||||| |||| 00| 0 eng d | ||
| 020 | _a9789715181457 | ||
| 050 |
_aPZ 7 _b.C714 2008 |
||
| 100 |
_aDisney, Walt _921377 |
||
| 245 | _aPinocchio / | ||
| 260 |
_aPhilippines : _bLampara Publishing House, Inc., _cc2008. |
||
| 300 |
_a64 p. : _bcol. ill, ; _c26 cm. |
||
| 562 | _e1 | ||
| 650 |
_aFairy tales. _93114 |
||
| 650 |
_aPuppets _xFiction. _921314 |
||
| 942 |
_2lcc _cBK |
||
| 999 |
_c1254 _d1254 |
||